All Countries in Alphabetical Order - Statistics

General Stats
  • This quiz has been taken 1,657 times
  • The average score is 124 of 196
Answer Stats
Continent Answer % Correct
Asia Afghanistan
97%
Europe Albania
96%
Africa Algeria
94%
Europe Andorra
94%
Africa Angola
92%
Americas Antigua and Barbuda
92%
Oceania Australia
91%
Europe Austria
90%
Asia Azerbaijan
88%
Americas Argentina
87%
Asia Armenia
87%
Americas Bahamas
87%
Americas Barbados
86%
Europe Belgium
85%
Asia Bahrain
84%
Americas Belize
84%
Europe Belarus
83%
Americas Bolivia
83%
Asia Bangladesh
82%
Africa Benin
82%
Africa Botswana
81%
Asia Bhutan
80%
Europe Bosnia and Herzegovina
80%
Europe Bulgaria
80%
Africa Burundi
79%
Africa Cameroon
79%
Americas Canada
78%
Americas Brazil
77%
Americas Chile
77%
Europe Denmark
77%
Africa Burkina Faso
76%
Asia Cambodia
76%
Americas Colombia
76%
Asia Brunei
75%
Africa Chad
74%
Asia China
74%
Americas Costa Rica
74%
Americas Cuba
74%
Americas Dominica
74%
Americas Dominican Republic
74%
Africa Comoros
73%
Europe Croatia
73%
Europe Czech Republic
73%
Europe Estonia
73%
Oceania Fiji
73%
Europe Finland
73%
Africa Djibouti
72%
Africa Eritrea
72%
Americas Ecuador
71%
Europe France
71%
Africa Cape Verde
70%
Africa Central African Republic
70%
Americas El Salvador
70%
Africa Ethiopia
69%
Americas Grenada
69%
Africa Guinea
69%
Americas Haiti
69%
Americas Honduras
69%
Europe Hungary
69%
Europe Iceland
69%
Asia Cyprus
68%
Africa Gambia
68%
Europe Germany
68%
Americas Guatemala
68%
Africa Guinea-Bissau
68%
Americas Guyana
68%
Asia India
68%
Asia Indonesia
68%
Europe Ireland
68%
Africa Eswatini
67%
Europe Greece
67%
Asia Iran
67%
Americas Jamaica
67%
Oceania Kiribati
67%
Europe Latvia
67%
Africa Egypt
66%
Africa Equatorial Guinea
66%
Asia Iraq
66%
Europe Italy
66%
Asia Kazakhstan
66%
Asia East Timor
65%
Africa Gabon
65%
Asia Georgia
65%
Asia Israel
65%
Asia Japan
65%
Asia Jordan
65%
Africa Kenya
65%
Europe Kosovo
65%
Europe Lithuania
65%
Africa Democratic Republic of the Congo
64%
Africa Ghana
64%
Asia Laos
64%
Europe Liechtenstein
64%
Europe Luxembourg
63%
Africa Zambia
62%
Asia Kuwait
61%
Asia Kyrgyzstan
61%
Asia Lebanon
61%
Africa Lesotho
61%
Africa Liberia
61%
Africa Libya
61%
Africa Mali
61%
Africa Zimbabwe
61%
Oceania Federated States of Micronesia
59%
Africa Malawi
59%
Oceania Marshall Islands
59%
Africa Madagascar
58%
Europe Malta
58%
Africa Mauritania
58%
Asia Oman
58%
Americas Venezuela
58%
Asia Yemen
58%
Europe Monaco
57%
Europe Montenegro
57%
Oceania Nauru
57%
Oceania Palau
57%
Europe Vatican City
57%
Africa Ivory Coast
56%
Asia Malaysia
56%
Asia Maldives
56%
Africa Mauritius
56%
Africa Namibia
56%
Asia Vietnam
56%
Americas Mexico
55%
Europe Moldova
55%
Europe Netherlands
55%
Oceania New Zealand
55%
Americas Nicaragua
55%
Europe Norway
55%
Americas Saint Lucia
55%
Europe United Kingdom
55%
Americas United States of America
55%
Africa Mozambique
54%
Asia Pakistan
54%
Americas Panama
54%
Americas Paraguay
54%
Americas Peru
54%
Europe Poland
54%
Asia Qatar
54%
Europe Romania
54%
Africa Rwanda
54%
Americas Saint Kitts and Nevis
54%
Americas Saint Vincent and the Grenadines
54%
Oceania Samoa
54%
Americas Uruguay
54%
Oceania Vanuatu
54%
Asia Mongolia
53%
Asia Nepal
53%
Africa Niger
53%
Africa Nigeria
53%
Asia North Korea
53%
Europe North Macedonia
53%
Europe Portugal
53%
Europe San Marino
53%
Oceania Tonga
53%
Africa Uganda
53%
Europe Ukraine
53%
Asia Uzbekistan
53%
Oceania Papua New Guinea
52%
Europe Slovakia
52%
Europe Slovenia
52%
Oceania Tuvalu
52%
Europe Russia
51%
Asia South Korea
51%
Europe Sweden
51%
Europe Switzerland
51%
Asia Turkmenistan
51%
Asia United Arab Emirates
51%
Africa Morocco
50%
Europe Serbia
50%
Oceania Solomon Islands
50%
Africa South Sudan
50%
Africa Togo
50%
Asia Philippines
49%
Africa South Africa
49%
Americas Trinidad and Tobago
49%
Asia Turkey
49%
Asia Myanmar
48%
Africa Senegal
48%
Africa Somalia
47%
Europe Spain
47%
Africa Sudan
47%
Asia Tajikistan
47%
Africa São Tomé and Príncipe
46%
Americas Suriname
46%
Africa Tanzania
46%
Africa Tunisia
46%
Africa Seychelles
45%
Asia Thailand
45%
Asia Taiwan
44%
Africa Republic of the Congo
43%
Africa Sierra Leone
43%
Asia Singapore
43%
Asia Syria
43%
Asia Saudi Arabia
41%
Asia Sri Lanka
41%
No matching quizzes found
Score Distribution
Percent of People with Each Score
Percentile by Number Answered
Your Score History
You have not taken this quiz